Grammaire française élémentaire, comprenant des notions développées sur l'orthographe, l'analyse grammaticale et l'analyse logique. À l'usage des établissements d'instruction
Guardado en:
| Autor principal: | |
|---|---|
| Formato: | Desconocido |
| Lenguaje: | francés |
| Publicado: |
Paris-Tournai
H. Casterman, éditeur
s.d.
|
| Catálogo: | MANES: Resultados de Búsqueda del Catálogo |
| Clasificación de libros de texto: |
|
| Materias: | |
| Etiquetas: |
Agregar Etiqueta
Sin Etiquetas, Sea el primero en etiquetar este registro!
|
| Añadido a: | 2016-04-26 |
MARC
| LEADER | 000000000a22000000004500 | ||
|---|---|---|---|
| 001 | 22910 | ||
| 008 | 160427s be ||||| |||| 00| 0 fre d | ||
| 040 | |a manes |c manes | ||
| 041 | |a Francés | ||
| 100 | 1 | |a OLIVIER [Théodore] | |
| 245 | 0 | 0 | |a Grammaire française élémentaire, comprenant des notions développées sur l'orthographe, l'analyse grammaticale et l'analyse logique. À l'usage des établissements d'instruction |
| 260 | 3 | |a Paris-Tournai |b H. Casterman, éditeur |c s.d. | |
| 300 | |a 128 p. | ||
| 546 | |a Bélgica | ||
| 650 | 7 | |a Lenguaje | |
| 655 | 7 | |a Primaria |a Secundaria | |
| 942 | |2 ddc |c BK | ||
| 999 | |c 45238 |d 45238 | ||
| 999 | |c manes:45238 |d 45238 | ||